| 000 | 00520nam a2200181Ia 4500 | ||
|---|---|---|---|
| 008 | 131103s9999 xx 000 0 und d | ||
| 040 | _aLoreto College | ||
| 041 | _aEnglish | ||
| 082 |
_a572.954/BOS _bLCLIB/(press)/22174 |
||
| 245 |
_aPeasant life in india _cEdited by Nirmol Kumar Bose |
||
| 260 |
_aCalcutta _bAnthropologial survey _c1967 |
||
| 300 |
_a60p. _c 28nm. |
||
| 504 | _aIncludes appendex | ||
| 650 | _aBio chimistry | ||
| 700 | _aBose, Nirmol Kumar; ed. | ||
| 850 | _aLCLIB/572.954/BOS | ||
| 942 | _cBK | ||
| 999 |
_c24890 _d75369 |
||